Načítá se...

Challenges of politics: an introduction to political science /

Podrobná bibliografie
Hlavní autor: Riemer,, Neal
Další autoři: Simon,, Douglas W., Romance,, Joseph
Médium: Printed Book
Jazyk:English
Vydáno: Washington D.C.: CQ Press, 2011.
Vydání:3
Témata:
LEADER 00747cam a2200241ua 4500
008 111221t2011||||||||||| 00 ||eng c
041 0 |a eng 
082 |a 320  |b RIE/C 
100 |a Riemer,, Neal 
245 1 0 |a Challenges of politics: an introduction to political science /  
250 |a 3 
260 |a Washington D.C.:  |b CQ Press,  |c 2011. 
300 |a 534p.. 
362 1 |a 2011. 
650 |a Political science 
650 0 |a Political philosophy and ideology 
650 0 |a World politics 
650 0 |a Political judgement 
700 |a Simon,, Douglas W. 
700 0 2 |a Romance,, Joseph 
942 |c BK 
999 |c 31545  |d 31545 
952 |0 0  |1 0  |4 0  |6 320_000000000000000_RIE  |7 0  |9 33419  |a KUCL  |b KUCL  |d 2014-05-23  |l 0  |o 320 RIE/  |p 28038  |r 2014-05-23  |w 2014-05-23  |y BK